| 000 | 00985nam a22003017a 4500 | ||
|---|---|---|---|
| 005 | 20210325174906.0 | ||
| 008 | s2539 th tha d | ||
| 020 | _a9740829414 | ||
| 041 | _atha | ||
| 050 | _aPN2891 ส841ก 2539 | ||
| 100 | 0 | _aสุมนมาลย์ นิ่มเนติพันธ์ | |
| 245 | 1 | 0 | _aการละครไทย [3rd] |
| 260 | 3 |
_aกรุงเทพฯ : _bไทยวัฒนาพานิช, _c2539 |
|
| 300 |
_a254 หน้า : _b ภาพประกอบ ; _c 24 ซม. |
||
| 650 | 0 | 4 | _aละครร้อง |
| 650 | 0 | 4 | _aละครพูด |
| 650 | 0 | 4 | _aโขน |
| 650 | 0 | 4 | _aบทละคร |
| 650 | 0 | 4 | _aละครรำ |
| 650 | 0 | 4 | _aละครชาตรี |
| 650 | 0 | 4 | _aละครดึกดำบรรพ์ |
| 650 | 0 | 4 | _aละครนอก |
| 650 | 0 | 4 | _aละคร -- ไทย |
| 850 | _aNALT | ||
| 942 | _cGB | ||
| 997 | _c000000000005233 | ||
| 998 | _aSOPAPORN | ||
| 999 |
_c5233 _d5233 |
||